[Event "Titled Tuesday 2023.04.25 Late"]
[Site "chess.com INT"]
[Date "2023.04.25"]
[Round "7"]
[White "Bulgurlu, Okan"]
[Black "Mendes, Aaron Reeve"]
[Result "0-1"]
[WhiteElo "1908"]
[BlackElo "2043"]
[PlyCount "84"]
[GameId "2130307560918962"]
[EventDate "2023.04.25"]
[EventType "swiss (blitz)"]
[EventRounds "11"]
[EventCountry "NET"]
[SourceTitle "The Week in Chess 1486"]
[Source "Mark Crowther"]
[SourceDate "2023.05.01"]
[SourceVersion "1"]
[SourceVersionDate "2023.05.01"]
[SourceQuality "2"]

1. e4 c5 2. Nf3 d6 3. Bb5+ Bd7 4. Bxd7+ Qxd7 5. O-O Nf6 6. d3 e6 7. Bg5 Be7 8. Nbd2 O-O 9. c3 h6 10. Bh4 Nc6 11. Qc2 Rac8 12. h3 Nh5 13. Bxe7 Qxe7 14. Rfd1 d5 15. Nf1 Nf4 16. Qd2 e5 17. exd5 Nxd5 18. Ne3 Rfd8 19. Nxd5 Rxd5 20. Qe3 Rcd8 21. a3 Qd7 22. c4 Rxd3 23. Rxd3 Qxd3 24. Qxc5 e4 25. Nh4 Nd4 26. Qxa7 e3 27. fxe3 Qxe3+ 28. Kh1 Qg3 29. Qb6 Qxh4 30. Rd1 Nc6 31. Rxd8+ Qxd8 32. Qxb7 Ne5 33. Qd5 Qb8 34. Kg1 Qxb2 35. Qa8+ Kh7 36. Qe4+ g6 37. c5 Qc1+ 38. Kh2 Qxc5 39. a4 Qd6 40. Kh1 Nd3 41. Qf3 Kg7 42. Qe4 Nf2+ 0-1

[Event "Titled Tuesday 2023.04.25 Late"]
[Site "chess.com INT"]
[Date "2023.04.25"]
[Round "8"]
[White "Mendes, Aaron Reeve"]
[Black "Liu, Eric"]
[Result "0-1"]
[WhiteElo "2043"]
[BlackElo "2299"]
[PlyCount "264"]
[GameId "2130307560919006"]
[EventDate "2023.04.25"]
[EventType "swiss (blitz)"]
[EventRounds "11"]
[EventCountry "NET"]
[SourceTitle "The Week in Chess 1486"]
[Source "Mark Crowther"]
[SourceDate "2023.05.01"]
[SourceVersion "1"]
[SourceVersionDate "2023.05.01"]
[SourceQuality "2"]

1. e4 b6 2. Bc4 Bb7 3. Nc3 e6 4. d4 Bb4 5. Qf3 Nf6 6. Bg5 Bxe4 7. Qg3 Bg6 8. Nge2 Nc6 9. O-O-O h6 10. Bh4 Be7 11. Nf4 Nh5 12. Bxe7 Nxg3 13. Bxd8 Nxh1 14. Bh4 Bh7 15. d5 Na5 16. Bb5 c6 17. dxc6 dxc6 18. Ba4 g5 19. b4 b5 20. Nxb5 cxb5 21. Bxb5+ Ke7 22. bxa5 gxh4 23. Rxh1 Rhc8 24. Bd3 Bxd3 25. Nxd3 Rc3 26. Kd2 Rac8 27. Rc1 Ra3 28. Rb1 Rc7 29. Rb5 Rxa2 30. Rh5 Rcxc2+ 31. Ke3 Ra3 32. Rxh4 Rcc3 33. Rd4 e5 34. Rd5 f6 35. f4 Ke6 36. Rd8 exf4+ 37. Ke4 f5+ 38. Kxf4 Rxd3 39. Re8+ Kf7 40. Re5 Ra4+ 41. Kxf5 Rdd4 42. g3 Rd6 43. Rb5 Rad4 44. Rb7+ Rd7 45. Rxd7+ Rxd7 46. Ke5 Rd2 47. h4 Re2+ 48. Kf5 Ra2 49. Kg4 Rxa5 50. Kh3 Ra6 51. Kg4 Kg7 52. Kh3 Kg8 53. Kg4 Rb6 54. Kh3 Rb7 55. Kg4 Kg7 56. Kh5 Kf8 57. Kg4 a5 58. Kh5 a4 59. Kg4 a3 60. Kh5 a2 61. Kg4 a1=Q 62. Kh5 Qa5+ 63. Kg4 Qa6 64. Kh5 Qa7 65. Kg4 Qa8 66. Kh5 Qb8 67. Kg4 Qc8+ 68. Kh5 Rc7 69. Kxh6 Rd7 70. Kh5 Qd8 71. Kg4 Qe8 72. Kg5 Re7 73. Kg4 Rf7 74. Kg5 Kg8 75. Kg4 Qf8 76. Kg5 Rg7+ 77. Kh5 Kh8 78. Kh6 Kg8 79. Kh5 Kf7 80. Kh6 Ke7 81. Kh5 Kd7 82. Kh6 Kc7 83. Kh5 Kb7 84. Kh6 Kb6 85. Kh5 Kb5 86. g4 Kb4 87. g5 Kb3 88. Kg4 Kb2 89. Kh5 Qg8 90. Kg4 Rg6 91. Kh5 Qg7 92. Kg4 Qh7 93. h5 Rxg5+ 94. Kxg5 Kc3 95. Kh4 Kc4 96. Kg4 Kc5 97. Kh4 Kc6 98. Kg4 Kc7 99. Kh4 Kc8 100. Kg4 Kd8 101. Kh4 Ke8 102. Kg4 Kf8 103. Kh4 Kg8 104. Kg4 Kh8 105. Kh4 Kg7 106. Kg4 Qh6 107. Kh4 Kf6 108. Kg4 Qg5+ 109. Kf3 Qxh5+ 110. Ke3 Qf7 111. Kf3 Qe6 112. Kg3 Kf5 113. Kf2 Qe5 114. Kg2 Qe4+ 115. Kf1 Qf4+ 116. Kg1 Ke4 117. Kh1 Qe3 118. Kg2 Qf3+ 119. Kg1 Qe2 120. Kh1 Kd3 121. Kg1 Kc3 122. Kh1 Kc4 123. Kg1 Kc5 124. Kh1 Kc6 125. Kg1 Kc7 126. Kh1 Kc8 127. Kg1 Kd7 128. Kh1 Ke6 129. Kg1 Kf5 130. Kh1 Kg4 131. Kg1 Kg3 132. Kh1 Qe1# 0-1

[Event "Titled Tuesday 2023.04.25 Late"]
[Site "chess.com INT"]
[Date "2023.04.25"]
[Round "9"]
[White "Mendes, Aaron Reeve"]
[Black "Florianovitz, Derlei Alex"]
[Result "1-0"]
[WhiteElo "2043"]
[BlackElo "2079"]
[PlyCount "123"]
[GameId "2130307560923126"]
[EventDate "2023.04.25"]
[EventType "swiss (blitz)"]
[EventRounds "11"]
[EventCountry "NET"]
[SourceTitle "The Week in Chess 1486"]
[Source "Mark Crowther"]
[SourceDate "2023.05.01"]
[SourceVersion "1"]
[SourceVersionDate "2023.05.01"]
[SourceQuality "2"]

1. e4 e6 2. Nc3 d5 3. exd5 exd5 4. Nf3 Nf6 5. d4 Bg4 6. Bd2 Bd6 7. Be2 c6 8. O-O O-O 9. h3 Bh5 10. Ne5 Bxe2 11. Qxe2 h6 12. f4 Nbd7 13. Qf2 c5 14. Be3 Rc8 15. g4 Ne4 16. Nxe4 dxe4 17. c3 cxd4 18. Bxd4 f5 19. Rad1 fxg4 20. Nxd7 Qxd7 21. Be5 Rc6 22. Qg3 Qe6 23. Bxd6 Rxd6 24. hxg4 Rxd1 25. Rxd1 Qxa2 26. Qf2 Qf7 27. f5 h5 28. Re1 hxg4 29. Rxe4 Qxf5 30. Qe1 g3 31. Re2 Rf6 32. Re8+ Kh7 33. Re2 Qc5+ 34. Kg2 Qc6+ 35. Kg1 Qb6+ 36. Kg2 Qc6+ 37. Kxg3 Rg6+ 38. Kh2 Qd6+ 39. Kh1 Qd5+ 40. Kh2 Rh6+ 41. Kg3 Rg6+ 42. Kf4 Qg5+ 43. Ke4 Re6+ 44. Kd3 Qf5+ 45. Kd2 Qf4+ 46. Kc2 Rxe2+ 47. Qxe2 Qf5+ 48. Kb3 Qf7+ 49. c4 Qg6 50. c5 Qf7+ 51. Kb4 Qd5 52. Qh2+ Kg8 53. b3 Kf7 54. Qf4+ Kg8 55. Qb8+ Kh7 56. Qxa7 Qc6 57. Qa5 Qe4+ 58. Ka3 Qc6 59. Qd8 Qxc5+ 60. Ka4 Qc6+ 61. Kb4 Qd6+ 62. Qxd6 1-0

[Event "Titled Tuesday 2023.04.25 Late"]
[Site "chess.com INT"]
[Date "2023.04.25"]
[Round "10"]
[White "Petrovic, Aleksa"]
[Black "Mendes, Aaron Reeve"]
[Result "0-1"]
[WhiteElo "2344"]
[BlackElo "2043"]
[PlyCount "92"]
[GameId "2130307560919057"]
[EventDate "2023.04.25"]
[EventType "swiss (blitz)"]
[EventRounds "11"]
[EventCountry "NET"]
[SourceTitle "The Week in Chess 1486"]
[Source "Mark Crowther"]
[SourceDate "2023.05.01"]
[SourceVersion "1"]
[SourceVersionDate "2023.05.01"]
[SourceQuality "2"]

1. d4 d5 2. c4 c6 3. Nc3 Nf6 4. e3 e6 5. Nf3 Bd6 6. Bd3 O-O 7. e4 dxe4 8. Nxe4 Nxe4 9. Bxe4 f5 10. Bc2 e5 11. dxe5 Re8 12. O-O Bc7 13. Qe2 Be6 14. Ng5 Nd7 15. Bf4 Nxe5 16. Nxe6 Rxe6 17. Bxf5 Re7 18. Bg5 Qd6 19. f4 Qc5+ 20. Kh1 Ree8 21. fxe5 Rxe5 22. Qh5 Rxf5 23. b4 Qe5 24. Rae1 Raf8 25. Qd1 Rxf1+ 26. Rxf1 Rxf1+ 27. Qxf1 Qxg5 28. g3 Qg6 29. Qe2 Qf7 30. Kg2 g6 31. h4 b5 32. cxb5 Qd5+ 33. Kh3 Qd7+ 34. Kg2 cxb5 35. Qe4 Kg7 36. h5 gxh5 37. Qh4 Bxg3 38. Qg5+ Kf8 39. Qf6+ Qf7 40. Qd8+ Kg7 41. Qd4+ Qf6 42. Qd7+ Kh6 43. Kxg3 Qg5+ 44. Kf2 Qf4+ 45. Ke1 Qg3+ 46. Ke2 Qg4+ 0-1

[Event "Titled Tuesday 2023.04.11 Late"]
[Site "chess.com INT"]
[Date "2023.04.11"]
[Round "3"]
[White "Mendes, Aaron Reeve"]
[Black "Amburgy, Ryan"]
[Result "1-0"]
[WhiteElo "2043"]
[BlackElo "2219"]
[PlyCount "79"]
[GameId "2130307561402180"]
[EventDate "2023.04.11"]
[EventType "swiss (blitz)"]
[EventRounds "11"]
[EventCountry "NET"]
[SourceTitle "The Week in Chess 1484"]
[Source "Mark Crowther"]
[SourceDate "2023.04.17"]
[SourceVersion "1"]
[SourceVersionDate "2023.04.17"]
[SourceQuality "2"]

1. e4 c6 2. c4 d5 3. cxd5 cxd5 4. exd5 Nf6 5. Nc3 Nxd5 6. Nf3 Nc6 7. Bb5 g6 8. Qa4 Nb6 9. Qh4 Bg7 10. d4 O-O 11. Bxc6 bxc6 12. O-O Bf5 13. Bg5 Re8 14. Rfe1 Bf6 15. Bxf6 exf6 16. Rxe8+ Qxe8 17. Qxf6 Nd5 18. Qh4 Nxc3 19. bxc3 Qe4 20. Qh6 Re8 21. h3 f6 22. Re1 Qxe1+ 23. Nxe1 Rxe1+ 24. Kh2 Re2 25. Qf4 Rxa2 26. g4 Be6 27. Qxf6 Bd5 28. Kg3 Rc2 29. Qd8+ Kg7 30. Qc7+ Kg8 31. Qa5 Ra2 32. Qc5 Kf7 33. f4 h6 34. c4 Be4 35. Qe5 Rg2+ 36. Kh4 Re2 37. f5 gxf5 38. gxf5 Kf8 39. f6 Kg8 40. Qe8+ 1-0

[Event "Titled Tuesday 2023.02.28 Late"]
[Site "chess.com INT"]
[Date "2023.02.28"]
[Round "1"]
[White "Abdrlauf, Elham"]
[Black "Mendes, Aaron Reeve"]
[Result "1-0"]
[WhiteElo "2527"]
[BlackElo "2081"]
[PlyCount "65"]
[GameId "2130307563106284"]
[EventDate "2023.02.28"]
[EventType "swiss (blitz)"]
[EventRounds "11"]
[EventCountry "NET"]
[SourceTitle "The Week in Chess 1478"]
[Source "Mark Crowther"]
[SourceDate "2023.03.06"]
[SourceVersion "1"]
[SourceVersionDate "2023.03.06"]
[SourceQuality "2"]

1. e4 c5 2. Nf3 d6 3. d4 cxd4 4. Nxd4 Nf6 5. f3 e5 6. Nb3 Be6 7. c4 Be7 8. Nc3 Nbd7 9. Be3 O-O 10. Rc1 Nb6 11. Nd5 Bxd5 12. cxd5 Rc8 13. Be2 Nfd7 14. O-O Bg5 15. Qd2 Bxe3+ 16. Qxe3 a6 17. Na5 Nxd5 18. Rxc8 Nxe3 19. Rxd8 Rxd8 20. Rc1 d5 21. Kf2 d4 22. Nxb7 Rb8 23. Bxa6 Kf8 24. b4 Ke7 25. Rc7 Nd1+ 26. Ke2 Nc3+ 27. Kd3 Na4 28. Bb5 Nab6 29. Bxd7 Nxd7 30. Nc5 Rd8 31. Ra7 Kd6 32. Nb7+ Kc7 33. Nxd8+ 1-0

[Event "Titled Tuesday 2023.01.24 Late"]
[Site "chess.com INT"]
[Date "2023.01.24"]
[Round "1"]
[White "Mendes, Aaron Reeve"]
[Black "Yuan, Qingyu"]
[Result "0-1"]
[WhiteElo "1989"]
[BlackElo "2373"]
[PlyCount "72"]
[GameId "2130307564327757"]
[EventDate "2023.01.24"]
[EventType "swiss (blitz)"]
[EventRounds "11"]
[EventCountry "NET"]
[SourceTitle "The Week in Chess 1473"]
[Source "Mark Crowther"]
[SourceDate "2023.01.30"]
[SourceVersion "1"]
[SourceVersionDate "2023.01.30"]
[SourceQuality "2"]

1. e4 e5 2. Nf3 Nc6 3. d4 exd4 4. Nxd4 Nf6 5. Nxc6 bxc6 6. e5 Qe7 7. Qe2 Nd5 8. c4 Ba6 9. b3 g6 10. g3 Bg7 11. Bb2 O-O 12. Bg2 Rfe8 13. O-O Bxe5 14. Qxe5 Qxe5 15. Bxe5 Rxe5 16. cxd5 Bxf1 17. Kxf1 cxd5 18. Nd2 c6 19. Bf3 a5 20. a3 Kf8 21. Rc1 Ke7 22. Bg4 Kd6 23. f4 Re3 24. Kf2 Rae8 25. Rc2 a4 26. bxa4 Rxa3 27. Nf3 f6 28. f5 Rxa4 29. h3 h5 30. fxg6 hxg4 31. Nh4 gxh3 32. Nf5+ Kc7 33. g7 Rg4 34. Kf3 Rg5 35. Kf4 Re4+ 36. Kf3 Rxf5# 0-1

[Event "Titled Tuesday 2023.01.24 Late"]
[Site "chess.com INT"]
[Date "2023.01.24"]
[Round "2"]
[White "Phillips, Rene"]
[Black "Mendes, Aaron Reeve"]
[Result "1-0"]
[WhiteElo "1852"]
[BlackElo "1989"]
[PlyCount "127"]
[GameId "2130307564331890"]
[EventDate "2023.01.24"]
[EventType "swiss (blitz)"]
[EventRounds "11"]
[EventCountry "NET"]
[SourceTitle "The Week in Chess 1473"]
[Source "Mark Crowther"]
[SourceDate "2023.01.30"]
[SourceVersion "1"]
[SourceVersionDate "2023.01.30"]
[SourceQuality "2"]

1. Nf3 c5 2. b3 Qc7 3. e3 b6 4. Bb2 Bb7 5. Be2 d6 6. O-O Nd7 7. d4 Ngf6 8. c4 g6 9. Nc3 Bg7 10. d5 Ne4 11. Nb5 Qd8 12. Bxg7 Rg8 13. Bb2 a6 14. Nc3 Nef6 15. e4 Qc7 16. Bd3 O-O-O 17. a4 a5 18. Nb5 Qb8 19. Ng5 Rdf8 20. f4 h6 21. Nf3 g5 22. fxg5 hxg5 23. Qe2 Ba6 24. e5 Ne8 25. exd6 exd6 26. Qe7 Bxb5 27. axb5 g4 28. Nh4 Qc7 29. Rxf7 Rxf7 30. Qxf7 Ndf6 31. Qxc7+ Kxc7 32. Rf1 Rf8 33. Ng6 Rf7 34. Nh8 Rf8 35. Ng6 Rf7 36. Re1 Kd8 37. Re6 Nd7 38. g3 Rf3 39. Bc2 Nc7 40. Rxd6 Ke8 41. Rxd7 Kxd7 42. Ne5+ Kd6 43. Nxf3 gxf3 44. Kf2 Nxb5 45. cxb5 Kxd5 46. Bd3 c4 47. Bxc4+ Kc5 48. Ba3+ Kd4 49. h4 a4 50. h5 Kc3 51. bxa4 Kxc4 52. h6 Kb3 53. a5 bxa5 54. b6 Ka4 55. b7 Kb3 56. b8=Q+ Ka4 57. Qe8+ Kb3 58. Be7 a4 59. Qb5+ Kc3 60. Qxa4 Kd3 61. h7 Kd2 62. h8=Q Kd3 63. Qd8+ Kc3 64. Bf6# 1-0

[Event "Titled Tuesday 2023.01.24 Late"]
[Site "chess.com INT"]
[Date "2023.01.24"]
[Round "8"]
[White "Djokic, Mihailo"]
[Black "Mendes, Aaron Reeve"]
[Result "1-0"]
[WhiteElo "2221"]
[BlackElo "1989"]
[PlyCount "53"]
[GameId "2130307564344355"]
[EventDate "2023.01.24"]
[EventType "swiss (blitz)"]
[EventRounds "11"]
[EventCountry "NET"]
[SourceTitle "The Week in Chess 1473"]
[Source "Mark Crowther"]
[SourceDate "2023.01.30"]
[SourceVersion "1"]
[SourceVersionDate "2023.01.30"]
[SourceQuality "2"]

1. e4 c5 2. Nf3 d6 3. d4 cxd4 4. Nxd4 Nf6 5. Nc3 a6 6. Rg1 b5 7. g4 Bb7 8. g5 Nxe4 9. Nxe4 Bxe4 10. Qg4 Bb7 11. Bg2 Qc7 12. Be3 Nd7 13. O-O-O Rc8 14. Bxb7 Qxb7 15. Rge1 Ne5 16. Qg3 Nc4 17. Nf5 Qc6 18. Bd4 Nxb2 19. Nxd6+ Kd7 20. Nxc8 Nxd1 21. Nb6+ Ke8 22. Rxd1 Qb7 23. Qe5 e6 24. Bc5 Be7 25. Bxe7 Qxe7 26. Qb8+ Qd8 27. Qxd8# 1-0

[Event "Titled Tuesday 2023.01.24 Late"]
[Site "chess.com INT"]
[Date "2023.01.24"]
[Round "9"]
[White "Mendes, Aaron Reeve"]
[Black "Zenelaj, Samuel"]
[Result "0-1"]
[WhiteElo "1989"]
[BlackElo "2327"]
[PlyCount "160"]
[GameId "2130307564344392"]
[EventDate "2023.01.24"]
[EventType "swiss (blitz)"]
[EventRounds "11"]
[EventCountry "NET"]
[SourceTitle "The Week in Chess 1473"]
[Source "Mark Crowther"]
[SourceDate "2023.01.30"]
[SourceVersion "1"]
[SourceVersionDate "2023.01.30"]
[SourceQuality "2"]

1. e4 e5 2. Nf3 Nc6 3. d4 exd4 4. Nxd4 Nf6 5. Nxc6 bxc6 6. e5 Qe7 7. Qe2 Nd5 8. g3 d6 9. exd6 Qxe2+ 10. Bxe2 cxd6 11. O-O Be7 12. Bf3 Be6 13. c4 Nb4 14. a3 Nc2 15. Bxc6+ Kd8 16. Bxa8 Nxa1 17. Nd2 Nc2 18. Re1 Nxe1 19. Be4 Bh3 20. f3 f5 21. Bb1 Bg5 22. f4 Bf6 23. Kf2 Re8 24. Nb3 Bg4 25. Bd2 Nf3 26. Be3 Bxb2 27. h3 Nh2 28. Bd3 Bxh3 29. Bxa7 Ng4+ 30. Kf3 Nf6 31. a4 Bg4+ 32. Kf2 Ne4+ 33. Kg2 Nc5 34. Nxc5 dxc5 35. Bxc5 Bc3 36. Bb6+ Kd7 37. c5 Be2 38. Bxf5+ Kc6 39. Bxh7 Bd4 40. Bg6 Re6 41. Bf5 Re7 42. Bd8 Re8 43. Bb6 Bxc5 44. Bxc5 Kxc5 45. g4 Kb4 46. Kg3 Bc4 47. Kh4 Bf7 48. Kg5 Rd8 49. Bc2 Kc3 50. Bf5 Rd5 51. Kh4 Kb4 52. Bc2 Rc5 53. Bd1 Rc1 54. Bf3 Kxa4 55. f5 Kb4 56. Kg5 Rf1 57. Bg2 Rf2 58. Be4 Kc5 59. Kh4 Kd6 60. Kg3 Rb2 61. g5 Ke5 62. Bf3 Bd5 63. Bg4 Be4 64. f6 gxf6 65. gxf6 Kxf6 66. Kf4 Bg6 67. Bf3 Rb4+ 68. Kg3 Kg5 69. Bg2 Bf5 70. Kf2 Rb2+ 71. Kf3 Be4+ 72. Kg3 Rxg2+ 73. Kh3 Rg4 74. Kh2 Bg6 75. Kh3 Kf4 76. Kh2 Kf3 77. Kh3 Be8 78. Kh2 Rh4+ 79. Kg1 Rh3 80. Kf1 Rh1# 0-1

[Event "Titled Tuesday 2023.01.24 Late"]
[Site "chess.com INT"]
[Date "2023.01.24"]
[Round "10"]
[White "Fiorito, Joaquin"]
[Black "Mendes, Aaron Reeve"]
[Result "1-0"]
[WhiteElo "2376"]
[BlackElo "1989"]
[PlyCount "57"]
[GameId "2130307564344406"]
[EventDate "2023.01.24"]
[EventType "swiss (blitz)"]
[EventRounds "11"]
[EventCountry "NET"]
[SourceTitle "The Week in Chess 1473"]
[Source "Mark Crowther"]
[SourceDate "2023.01.30"]
[SourceVersion "1"]
[SourceVersionDate "2023.01.30"]
[SourceQuality "2"]

1. d4 Nf6 2. Nc3 d5 3. Bf4 Bf5 4. f3 c5 5. e3 Nc6 6. g4 Bg6 7. Qd2 Qb6 8. dxc5 Qxb2 9. Rb1 Qa3 10. Nb5 Qxc5 11. Nc7+ Kd7 12. Nxa8 e5 13. Rxb7+ Kd8 14. Bg5 Qa3 15. Bc4 Bb4 16. Rxb4 Nxb4 17. Bxd5 Nbxd5 18. Qxd5+ Ke7 19. Qxe5+ Kf8 20. Ne2 Qe7 21. Bxf6 gxf6 22. Qxe7+ Kxe7 23. Nc7 Kd6 24. Nb5+ Kc5 25. Nbd4 Kc4 26. Kd2 Kb4 27. Rb1+ Ka3 28. Nc3 Bxc2 29. Ndb5# 1-0

[Event "Titled Tuesday 2023.01.24 Late"]
[Site "chess.com INT"]
[Date "2023.01.24"]
[Round "11"]
[White "Liu, Kelsey"]
[Black "Mendes, Aaron Reeve"]
[Result "0-1"]
[WhiteElo "1974"]
[BlackElo "1989"]
[PlyCount "36"]
[GameId "2130307564348527"]
[EventDate "2023.01.24"]
[EventType "swiss (blitz)"]
[EventRounds "11"]
[EventCountry "NET"]
[SourceTitle "The Week in Chess 1473"]
[Source "Mark Crowther"]
[SourceDate "2023.01.30"]
[SourceVersion "1"]
[SourceVersionDate "2023.01.30"]
[SourceQuality "2"]

1. e4 c5 2. Nf3 d6 3. Nc3 e5 4. Bc4 Be6 5. Bxe6 fxe6 6. O-O Be7 7. d3 g5 8. Nxg5 Bxg5 9. Qh5+ Kd7 10. Bxg5 Qf8 11. f4 Nf6 12. Qh4 Ne8 13. fxe5 Qg7 14. Qh5 Qxe5 15. Nb5 Kc6 16. a4 h6 17. Qf7 hxg5 18. Qc7+ Nxc7 0-1

[Event "Wch-U10 Online"]
[Site "Tornelo INT"]
[Date "2020.12.19"]
[Round "1.2"]
[White "Mendes, Aaron Reeve"]
[Black "Manon, Reja Neer"]
[Result "1-0"]
[WhiteElo "1520"]
[BlackElo "2197"]
[PlyCount "75"]
[GameId "2129404743454335"]
[EventDate "2020.12.19"]
[EventType "k.o."]
[EventRounds "4"]
[EventCountry "NET"]

1. d4 Nf6 2. Nf3 e6 3. Bf4 d5 4. e3 Be7 5. Bd3 c5 6. c3 Nc6 7. Nbd2 a6 8. Ne5 Nxe5 9. dxe5 Nd7 10. Nf3 b5 11. Qe2 Bb7 12. h4 b4 13. cxb4 c4 14. Bc2 Bxb4+ 15. Kf1 Qb6 16. Ng5 Be7 17. Rd1 h6 18. Qh5 hxg5 19. Qxh8+ Nf8 20. Ba4+ Bc6 21. Bxc6+ Qxc6 22. Bxg5 Bxg5 23. hxg5 Qa4 24. Re1 O-O-O 25. Qxg7 Qxa2 26. Qxf7 Qxb2 27. g6 Nxg6 28. Qxg6 c3 29. Qb1 Qd2 30. Qb6 c2 31. Qxe6+ Kb8 32. Qb6+ Kc8 33. Qxa6+ Kb8 34. Qa1 Qd3+ 35. Kg1 Qb3 36. Rh7 Qb6 37. Qd4 Qa5 38. Qb2+ {#r} 1-0

[Event "Wch-U10 Online"]
[Site "Tornelo INT"]
[Date "2020.12.19"]
[Round "1.3"]
[White "Manon, Reja Neer"]
[Black "Mendes, Aaron Reeve"]
[Result "0-1"]
[WhiteElo "2197"]
[BlackElo "1520"]
[PlyCount "136"]
[GameId "2129404743454338"]
[EventDate "2020.12.19"]
[EventType "k.o."]
[EventRounds "4"]
[EventCountry "NET"]

1. e4 e5 2. Nf3 Nf6 3. Nxe5 d6 4. Nf3 Nxe4 5. d3 Nf6 6. d4 d5 7. Bd3 Be7 8. O-O O-O 9. h3 c5 10. dxc5 Bxc5 11. Nc3 Nc6 12. Bg5 Be7 13. Bb5 a6 14. Ba4 Be6 15. Bb3 d4 16. Ne2 Bxb3 17. axb3 h6 18. Bh4 Qb6 19. Bg3 Rfd8 20. Nf4 Nd5 21. Nd3 Bf6 22. Re1 Ndb4 23. Qd2 Nxd3 24. Qxd3 Nb4 25. Qe4 Rac8 26. Rac1 d3 27. cxd3 Rxc1 28. Rxc1 Nxd3 29. Rc2 Qxb3 30. Rd2 Qe6 31. Qxb7 Rd7 32. Qb8+ Rd8 33. Qc7 Rd7 34. Qc8+ Rd8 35. Qxe6 fxe6 36. Kh2 Nxb2 37. Re2 a5 38. Rxe6 Ra8 39. Be5 Kf7 40. Rb6 Na4 41. Rb7+ Kg8 42. Bxf6 gxf6 43. Nd4 Nc5 44. Rb5 Nd7 45. Rb2 a4 46. Ra2 Nc5 47. Kg3 Kf7 48. Kf4 Ke7 49. Nf5+ Ke6 50. Nxh6 Kd5 51. Nf5 Kc4 52. Ne3+ Kb3 53. Ra1 a3 54. Kf5 a2 55. Kxf6 Ne4+ 56. Ke5 Nxf2 57. g4 Nxh3 58. Kf5 Kb2 59. Rxa2+ Rxa2 60. g5 Ra5+ 61. Kf6 Nxg5 62. Nc4+ Kc3 63. Nxa5 Ne4+ 64. Ke5 Nc5 65. Nc6 Nd3+ 66. Kd5 Nb2 67. Nd4 Nc4 68. Ke4 Nd2+ {#T} 0-1

[Event "Americas-ch U10 Online"]
[Site "Tornelo INT"]
[Date "2020.12.02"]
[Round "2.10"]
[White "Mendes, Aaron Reeve"]
[Black "White, Max"]
[Result "1-0"]
[WhiteElo "1520"]
[BlackElo "1458"]
[PlyCount "99"]
[GameId "2130307591199597"]
[EventDate "2020.12.02"]
[EventType "swiss"]
[EventRounds "7"]
[EventCountry "NET"]

1. e4 c6 2. c4 d5 3. cxd5 cxd5 4. exd5 Qxd5 5. Nc3 Qd8 6. d4 Nf6 7. Nf3 Bg4 8. Bc4 e6 9. h3 Bxf3 10. Qxf3 Qxd4 11. Bb5+ Nbd7 12. Be3 Qb4 13. Qxb7 Qa5 14. Qxa8+ Qd8 15. Qxd8+ Kxd8 16. Bxd7 Kxd7 17. O-O Bb4 18. Rfd1+ Ke7 19. Nb5 a6 20. Na7 Nd5 21. Rxd5 exd5 22. Nc6+ Kd6 23. Nxb4 Ra8 24. Rc1 a5 25. Rc6+ Kd7 26. Ra6 Rxa6 27. Nxa6 Kc6 28. Bd4 Kb5 29. Nc7+ Kc6 30. Nxd5 Kxd5 31. Bxg7 Kc4 32. Kh2 Kd3 33. Kg3 Ke4 34. Kh4 Kf5 35. Kh5 Ke6 36. Kh6 f5 37. Kxh7 Kd5 38. h4 Ke4 39. h5 Kd3 40. Kg6 f4 41. h6 Ke2 42. h7 Kxf2 43. h8=Q Kxg2 44. Qh4 f3 45. Bd4 a4 46. Qf2+ Kh3 47. Qxf3+ Kh2 48. Bf2 a3 49. Qg3+ Kh1 50. Qh3# 1-0

[Event "Americas-ch U10 Online"]
[Site "Tornelo INT"]
[Date "2020.12.02"]
[Round "3.5"]
[White "Rao, Anjaneya"]
[Black "Mendes, Aaron Reeve"]
[Result "0-1"]
[WhiteElo "1847"]
[BlackElo "1520"]
[PlyCount "102"]
[GameId "2130307591199609"]
[EventDate "2020.12.02"]
[EventType "swiss"]
[EventRounds "7"]
[EventCountry "NET"]

1. e4 e5 2. Nf3 Nc6 3. Bc4 Nf6 4. d3 h6 5. O-O d6 6. c3 Bg4 7. Be3 Qd7 8. Nbd2 Be7 9. b4 a6 10. a4 O-O 11. Qb3 Rad8 12. h3 Bxh3 13. gxh3 Qxh3 14. Nh2 Nh5 15. Qd1 Nf6 16. Qf3 Qh4 17. Qg2 g5 18. f4 exf4 19. Bxf4 Kh8 20. Ndf3 Qxf4 21. Nd4 Qe3+ 22. Kh1 Nxd4 23. Rae1 Ne2 24. Rxe2 Qb6 25. Qh3 Kg7 26. Ref2 d5 27. e5 Ng8 28. Bb3 Qe6 29. Ng4 c6 30. Rf6 Bxf6 31. exf6+ Kh7 32. Qg3 Rfe8 33. Bc2 Qe2 34. Rf2 Qe1+ 35. Kh2 Re2 36. d4+ Rxc2 37. Rxc2 Qxg3+ 38. Kxg3 Kg6 39. Rh2 h5 40. Ne5+ Kxf6 41. Rxh5 Ne7 42. Kg4 Ng6 43. Rxg5 Nxe5+ 44. dxe5+ Ke6 45. Kf4 Rh8 46. Rf5 Rh4+ 47. Kg5 Rh5+ 48. Kxh5 Kxf5 49. Kh6 Kxe5 50. Kg5 f5 51. Kh4 f4 0-1

[Event "Americas-ch U10 Online"]
[Site "Tornelo INT"]
[Date "2020.12.02"]
[Round "4.2"]
[White "Mendes, Aaron Reeve"]
[Black "Woodward, Andy"]
[Result "0-1"]
[WhiteElo "1520"]
[BlackElo "1975"]
[PlyCount "100"]
[GameId "2130307591203719"]
[EventDate "2020.12.02"]
[EventType "swiss"]
[EventRounds "7"]
[EventCountry "NET"]

1. e4 c5 2. Nc3 d6 3. f4 g6 4. Nf3 Bg7 5. Bc4 Nc6 6. O-O e6 7. d3 Nge7 8. Qe1 O-O 9. f5 gxf5 10. Qh4 fxe4 11. Ng5 h6 12. Ncxe4 Nf5 13. Qh5 d5 14. g4 dxe4 15. gxf5 hxg5 16. Bxg5 Qd4+ 17. Kh1 exf5 18. Bh6 Ne5 19. Rg1 Ng4 20. h3 Nf2+ 21. Kh2 Qd6+ 22. Rg3 Ng4+ 23. hxg4 Qxh6 24. Qxh6 Bxh6 25. gxf5+ Kh7 26. Rf1 e3 27. d4 cxd4 28. Bd3 f6 29. Kg2 Rg8 30. Rg6 Rxg6+ 31. fxg6+ Kg7 32. Kf3 Bd7 33. Ke4 Bc6+ 34. Kxd4 Rd8+ 35. Kc5 Rxd3 36. c3 e2 37. Re1 Bf3 38. c4 Rd2 39. b4 Rxa2 40. b5 Rd2 41. b6 axb6+ 42. Kxb6 Be3+ 43. Kc7 Rd1 44. c5 Rxe1 45. c6 bxc6 46. Kc8 Rd1 47. Kc7 e1=Q 48. Kb7 Qb4+ 49. Kc7 Bf4+ 50. Kc8 Bg4# 0-1

[Event "Americas-ch U10 Online"]
[Site "Tornelo INT"]
[Date "2020.12.02"]
[Round "5.5"]
[White "Chennareddy, Yuvraj"]
[Black "Mendes, Aaron Reeve"]
[Result "0-1"]
[WhiteElo "1734"]
[BlackElo "1520"]
[PlyCount "146"]
[GameId "2130307591203741"]
[EventDate "2020.12.02"]
[EventType "swiss"]
[EventRounds "7"]
[EventCountry "NET"]

1. e4 e5 2. Nf3 Nc6 3. Bb5 a6 4. Ba4 Nf6 5. O-O Be7 6. Re1 d6 7. h3 O-O 8. c3 Be6 9. d4 exd4 10. cxd4 d5 11. e5 Ne4 12. Nc3 b5 13. Bc2 Nxc3 14. bxc3 Na5 15. Qd3 g6 16. Qe3 Re8 17. Qh6 Bf8 18. Qf4 Nc4 19. Ng5 Bg7 20. Nxe6 Rxe6 21. Qg3 f6 22. f4 fxe5 23. fxe5 Qd7 24. Bd1 Re7 25. Bg4 Qc6 26. Bg5 Ree8 27. Rf1 Rf8 28. Qh4 Qb6 29. Be7 Rxf1+ 30. Rxf1 Nxe5 31. Bc5 Qc6 32. Be2 Nd7 33. Qe7 Nxc5 34. dxc5 Re8 35. Qf7+ Kh8 36. Bf3 Qxc5+ 37. Kh1 Qe7 38. Qxd5 Bxc3 39. Bg4 Rf8 40. Rc1 Be5 41. Re1 Bd6 42. Qd4+ Qg7 43. Qd5 Qf6 44. Qd3 Qf4 45. Qc3+ Rf6 46. Re8+ Kg7 47. g3 Qf1+ 48. Kh2 Bxg3+ 49. Qxg3 Rf2+ 50. Qxf2 Qxf2+ 51. Kh1 Qxa2 52. Re7+ Kh6 53. Rxc7 b4 54. Rb7 b3 55. Be6 Qb1+ 56. Kh2 Qc2+ 57. Kg3 Qd3+ 58. Kh2 Qe2+ 59. Kg3 Qxe6 60. Rb4 b2 61. Rxb2 Qe5+ 62. Kh4 Qxb2 63. Kg4 g5 64. h4 gxh4 65. Kxh4 Kg6 66. Kg4 a5 67. Kh4 a4 68. Kg4 Qb4+ 69. Kh3 a3 70. Kg3 a2 71. Kh3 a1=Q 72. Kg3 Qaa3+ 73. Kh2 Qbb2+ 0-1